Estimación del volumen forestal y predicción del rendimiento vol. 2 - Predicción del rendimiento /

Guardado en:
Autor Principal: Alder, D.
Autor Corporativo: Organización de las Naciones Unidas para la Agricultura y la Alimentación.
Formato: Electrónico
Idioma:Spanish
Publicado: Roma : FAO, 1980.
Series:Estudio FAO: Montes ; nº 22/2
Materias:
Acceso en línea:Acceso a texto completo
Etiquetas: Agregar Etiqueta
Sin Etiquetas, Sea el primero en etiquetar este registro!
LEADER 00736nmm a22001695a 4500
001 EEA.libagro010953
008 180312s1980####it#########m########spa#d
005 20200423135830.0
245 1 0 |a Estimación del volumen forestal y predicción del rendimiento  |h [recurso electrónico] :  |b vol. 2 - Predicción del rendimiento /  |c D. Alder. 
260 |a Roma :  |b FAO,  |c 1980. 
490 1 |a Estudio FAO: Montes ;  |v nº 22/2 
500 |a Título tomado de www.fao.org (visto el 12 de marzo de 2018). 
538 |a Modo de acceso: World Wide Web. 
100 1 |a Alder, D. 
710 2 |a Organización de las Naciones Unidas para la Agricultura y la Alimentación. 
655 7 |a Libros electrónicos. 
856 4 0 |3 Acceso a texto completo  |u http://www.fao.org/3/a-ap354s.pdf